000 00664nam a2200277Ia 4500
005 20260401125716.0
008 008 300114s9999 xx 000 0 eng d
020 _a9788122476385
037 _aEBOOK
040 _aCRL
040 _beng
040 _cCRL
041 _2eng
041 _aeng
084 _qCRL
100 _aXavier, S P, Eugene
_91233888
245 0 _aTheory of Automata, Formal Languages and Computation
250 _a1
260 _bNew Age
260 _c2005
650 _aComputer Science
856 _uhttps://digital.elib4u.com/product-details/432449
942 _cEBOOK
999 _c1847722
_d1847722